Statistics for Asia by Capitals and Borders in 15 Seconds

Click here to take the quiz!

General Stats

  • This quiz has been taken 808 times
  • The average score is 28 of 48

Answers on the Map

Answers color-coded by a green-red scale on the quiz's map according to % correct below.
 

Answer Stats

Country% Correct
China
97%
Pakistan
97%
Bhutan
96%
Burma
96%
India
96%
Nepal
96%
Kazakhstan
92%
Laos
91%
Mongolia
91%
North Korea
91%
Tajikistan
91%
Kyrgyzstan
90%
Vietnam
89%
Iraq
84%
Iran
78%
Saudi Arabia
77%
Azerbaijan
75%
Jordan
75%
Turkey
75%
Oman
74%
Armenia
73%
Kuwait
73%
Yemen
73%
United Arab Emirates
72%
Afghanistan
70%
Turkmenistan
70%
Qatar
69%
Malaysia
52%
Syria
51%
Bangladesh
48%
Indonesia
46%
East Timor
43%
Georgia
39%
Thailand
35%
Japan
33%
Uzbekistan
32%
Cambodia
31%
Israel
23%
South Korea
23%
Lebanon
21%
Philippines
12%
Brunei
11%
Singapore
7%
Cyprus
6%
Taiwan
5%
Bahrain
4%
Maldives
3%
Sri Lanka
3%

Score Distribution

Percentile by Number Answered

Percent of People with Each Score

Your Score History

You have not taken this quiz